| 000 | 01252nam0a22003371 4500 | ||
|---|---|---|---|
| 001 | rc\2249508 | ||
| 005 | 20110826153251.7 | ||
| 035 | _a(NLR Aleph) 006517508 | ||
| 090 |
_a6394621 _c6394621 |
||
| 100 | _a20110826d1979 |||y0rusy50 ca | ||
| 101 | 1 |
_arus _cger |
|
| 102 | _aRU | ||
| 105 | _aa z |||a| | ||
| 200 | 1 |
_aСтихотворения _eПер. с нем. _fИоганн-Вольфганг Гете _g[Вступ. статья Л. Гинзбурга _gПримеч. А. Аникста _gХудож. А. Лепятский] |
|
| 210 |
_aМосква _cХудож. лит. _d1979 |
||
| 215 |
_a382 с. _cил. _d16 |
||
| 225 | 1 |
_aКлассики и современники _iПоэтическая библиотека |
|
| 686 |
_aШ5(2=Р)-657я43 _2rubbk |
||
| 686 |
_aШ5(4Г)52-65я44 _2rubbk |
||
| 686 |
_a84.4Г _2rubbk |
||
| 700 | 1 |
_aГете _bИ. В. _f1749-1832 _gИоганн Вольфганг _3RU\NLR\auth\771353 |
|
| 702 | 1 |
_aАникст _bА. _4212 |
|
| 702 | 1 |
_aЛепятский _bА. _4440 |
|
| 702 | 1 |
_aГинзбург _bЛ. С. _4080 |
|
| 801 | 0 |
_aRU _bNLR _gpsbo |
|
| 801 | 1 |
_aRU _bELAR _2rusmarc |
|
| 852 |
_aNLR _j79-2/1850 |
||
| 899 |
_aRuMoRGB _jB 79-13/408 |
||
| 899 |
_aRuMoRGB _jB 79-13/409 |
||
| 942 | _cBOOK | ||
| 980 | _aNB | ||